The literature review : (Record no. 7479)

MARC details
000 -LEADER
fixed length control field 00762nam a22002177a 4500
003 - CONTROL NUMBER IDENTIFIER
control field OSt
005 - DATE AND TIME OF LATEST TRANSACTION
control field 20211115115816.0
008 - FIXED-LENGTH DATA ELEMENTS--GENERAL INFORMATION
fixed length control field 211115b ||||| |||| 00| 0 eng d
020 ## - INTERNATIONAL STANDARD BOOK NUMBER
International Standard Book Number 9781506336244
040 ## - CATALOGING SOURCE
Transcribing agency DDC
082 ## - DEWEY DECIMAL CLASSIFICATION NUMBER
Classification number 001.42 MAC 2016
100 ## - MAIN ENTRY--PERSONAL NAME
Personal name Machi, Lawrence A.
9 (RLIN) 15326
245 ## - TITLE STATEMENT
Title The literature review :
Remainder of title six steps to success
250 ## - EDITION STATEMENT
Edition statement Third edition.
260 ## - PUBLICATION, DISTRIBUTION, ETC. (IMPRINT)
Place of publication, distribution, etc. California :
Name of publisher, distributor, etc. Corwin, a SAGE Company;
Date of publication, distribution, etc. 2016
300 ## - PHYSICAL DESCRIPTION
Extent xix, 166 pages :
Other physical details illustrations ;
Dimensions 26 cm.
504 ## - BIBLIOGRAPHY, ETC. NOTE
Bibliography, etc Includes bibliographical references and index
650 ## - SUBJECT ADDED ENTRY--TOPICAL TERM
Topical term or geographic name as entry element Research -- Methodology -- Study and teaching (Secondary) -- Handbooks, manuals, etc
9 (RLIN) 15327
650 ## - SUBJECT ADDED ENTRY--TOPICAL TERM
Topical term or geographic name as entry element Research -- Methodology -- Handbooks, manuals, etc.
9 (RLIN) 15328
942 ## - ADDED ENTRY ELEMENTS (KOHA)
Source of classification or shelving scheme Dewey Decimal Classification
Koha item type Book
Holdings
Withdrawn status Lost status Source of classification or shelving scheme Damaged status Not for loan Home library Current library Date acquired Source of acquisition Inventory number Total Checkouts Full call number Barcode Date last seen Price effective from Koha item type
    Dewey Decimal Classification     Faculty of Management Science Library Faculty of Management Science Library 15/11/2021 Purchase 17/40198   001.42 MAC 2016 2021-1685 15/11/2021 15/11/2021 Book
    Dewey Decimal Classification     Faculty of Management Science Library Faculty of Management Science Library 15/11/2021 Purchase 17/40199   001.42 MAC 2016 2021-1686 15/11/2021 15/11/2021 Book